000 00684nam a22002177a 4500
003 UA-OsUOA
001 62773
007 ta
008 20090910b un ||||| |||| 00| 0 ukr d
090 _a94(00)
_bИ88
942 _cBK
040 _aUA-OsUOA
_brus
_cUA-OsUOA
_dUA-OsUOA
245 _aИсследование крестьянских движений в современном мире (с конца XVIII в. до наших дней)
_bсводный доклад
300 _a112 с.
955 _a2
041 _arus
080 _a94(00)
260 _aМ.
_bНаука
_c1970
650 7 _a9 Географія. Біографії. Історія
_2UDC
999 _c348821
_d348821